000 00660cam6a220018100 4500
001 zam00007317
008 970717n xx eng u
035 _a(Sirsi) r137317
040 _dUPRA
100 _aShikaputo, C.
_6A109290.1
245 1 0 _aSome wood characteristics of GMELINAARBOREA ROXB grown in Zambia.
260 _aKitwe :
_bDivision of forest products,
_c1984.
520 _aLooks at the characteristics of Gruline arborea Roxb grown in Zambia. This trec belongs to the family of Verbenaceae.
650 4 _aForest Trees.
_6S82895.1
650 4 _aWood -- Zambia.
_xWood -- Zambia.
_6S12889.2
949 1 0 _mINESOR
_tBOOK
_lON-SHELF
004 137317
999 _c25745
_d25745